| 000 | 01442nam0a2200397 4500 | ||
|---|---|---|---|
| 001 | RU\NLR\bibl\173683 | ||
| 005 | 20260405214448.0 | ||
| 010 |
_a5-7837-0551-3 _912500 |
||
| 021 |
_aRU _b2001-18825 _9882 |
||
| 035 | _a(NLR Aleph) 000170439 | ||
| 090 |
_a982126 _c982126 |
||
| 100 | _a20010716d2001 |||y0rusy50 ca | ||
| 101 | 0 | _arus | |
| 102 | _aRU | ||
| 105 | _aa ||||||||| | ||
| 200 | 1 |
_aСамые знаменитые путешественники России _fТ.Ю. Лубченкова |
|
| 210 |
_aМ. _cВече _d2001 |
||
| 215 |
_a462, [1] с. _cил. _d22 |
||
| 225 | 1 | _aСамые знаменитые | |
| 300 | _aНа обл. авт. на указан | ||
| 606 | 0 |
_aПутешественники русские _91096880 _3RU\NLR\auth\66111840 |
|
| 610 | 0 | _aПутешествия | |
| 610 | 0 | _aГеографические открытия и исследования русские - История | |
| 610 | 0 | _aРоссийская Федерация, геогр. открытия | |
| 675 |
_a910(47+57) _v3 _zrus |
||
| 686 |
_a39.01 _2rugasnti |
||
| 686 |
_a26.8 _2rubbk |
||
| 686 | _aД8д(2) | ||
| 700 | 1 |
_4070 _8rus _7ca _aЛубченкова _bТ. Ю. _gТатьяна Юрьевна _3RU\NLR\auth\7797410 _980336 |
|
| 801 | 0 |
_aRU _bRKP _c20010716 _gPSBO |
|
| 801 | 1 |
_aRU _bRKP _c20010716 |
|
| 801 | 2 |
_aRU _bNLR _c20110316 _grcr |
|
| 942 | _cBOOK | ||
| 980 | _aNB | ||